000 00498nam a2200169 i 4500
001 29474
003 ES-MaACL
005 20251123063300.0
007 t|
008 030122s1967 sp ||||1| spa d
100 0 _aBarceló, Carlos,
_d1929-
_925500
245 1 0 _aLo que usted invierte en publicidad... ¿es rentable? /
_cCarlos Barceló.
260 _aBarcelona :
_bSagitario,
_c[1967]
300 _a144 p. ;
_c19 cm.
852 _aES-MaACL
_jC-31975
_bR.62764
999 _c29474
_d29474